Yes or No - Statistics

General Stats
  • This quiz has been taken 173 times
  • The average score is 10 of 15
Answer Stats
Question Answer % Correct
Does Brazil have the most population in the world? (2024) No
94%
Does DRC stand for Destination of Republic of Canada? No
83%
Is tomato a fruit? Yes
83%
Are there more than two ways of saying hello in Chinese? Yes
79%
Is Monaco the smallest country in the world? No
77%
Will humans still exist in 1 billion years later? No
71%
Is phone important for a adult? Yes
71%
Can light escape a black hole? No
69%
Is | capital i? No
65%
Is ♾️ a number? No
63%
Is mercury the hottest planet as it is the closest planet to the sun? No
56%
Does all plants make their own food? No
52%
Is 2 plus 2 times 2 equals to 8? No
48%
Is there a living thing witch is immortal? Yes
38%
Is Taiwan a country? Cannot answer🫢
19%
No matching quizzes found
Score Distribution
Percent of People with Each Score
Percentile by Number Answered
Your Score History
You have not taken this quiz